Optical sources, detectors, and systems : (Record no. 19482)
[ view plain ]
| 000 -LEADER | |
|---|---|
| fixed length control field | 00973cam a22003015a 4500 |
| 001 - CONTROL NUMBER | |
| control field | 2086705 |
| 005 - DATE AND TIME OF LATEST TRANSACTION | |
| control field | 20150603144619.0 |
| 008 - FIXED-LENGTH DATA ELEMENTS--GENERAL INFORMATION | |
| fixed length control field | 950327t1995 caudk frb 001 0 eng d |
| 020 ## - INTERNATIONAL STANDARD BOOK NUMBER | |
| International Standard Book Number | 0124086551 (case : alk. paper) |
| 020 ## - INTERNATIONAL STANDARD BOOK NUMBER | |
| International Standard Book Number | 9780124086555 |
| 040 ## - CATALOGING SOURCE | |
| Original cataloging agency | DLC |
| Transcribing agency | DLC |
| Modifying agency | DLC |
| -- | EG-ScBUE |
| 082 00 - DEWEY DECIMAL CLASSIFICATION NUMBER | |
| Classification number | 621.36 |
| Edition number | 22 |
| Item number | KIN |
| 100 1# - MAIN ENTRY--PERSONAL NAME | |
| Personal name | Kingston, Robert Hildreth, |
| Dates associated with a name | 1928- |
| 9 (RLIN) | 38115 |
| 245 10 - TITLE STATEMENT | |
| Title | Optical sources, detectors, and systems : |
| Remainder of title | fundamentals and applications / |
| Statement of responsibility, etc | Robert H. Kingston. |
| 260 ## - PUBLICATION, DISTRIBUTION, ETC. (IMPRINT) | |
| Place of publication, distribution, etc | San Diego : |
| Name of publisher, distributor, etc | Academic Press, |
| Date of publication, distribution, etc | c.1995. |
| 300 ## - PHYSICAL DESCRIPTION | |
| Extent | ix, 198 p. : |
| Other physical details | charts, forms ; |
| Dimensions | 24 cm. |
| 490 0# - Series Statement | |
| Series statement | Optics and photonics |
| 500 ## - GENERAL NOTE | |
| General note | Index : p. 195-198. |
| 504 ## - BIBLIOGRAPHY, ETC. NOTE | |
| Bibliography, etc | Bibliography : p. 193-194. |
| 650 #0 - SUBJECT ADDED ENTRY--TOPICAL TERM | |
| Topical term or geographic name as entry element | Photonics. |
| Source of heading or term | BUEsh |
| 650 #0 - SUBJECT ADDED ENTRY--TOPICAL TERM | |
| Topical term or geographic name as entry element | Optical detectors. |
| Source of heading or term | BUEsh |
| 650 #0 - SUBJECT ADDED ENTRY--TOPICAL TERM | |
| Topical term or geographic name as entry element | Optical communications. |
| Source of heading or term | BUEsh |
| 650 #0 - SUBJECT ADDED ENTRY--TOPICAL TERM | |
| Topical term or geographic name as entry element | Imaging systems. |
| Source of heading or term | BUEsh |
| 651 ## - SUBJECT ADDED ENTRY--GEOGRAPHIC NAME | |
| Source of heading or term | BUEsh |
| 653 ## - INDEX TERM--UNCONTROLLED | |
| Resource For college | Engineering, General |
| Arrived date list | June2015 |
| 655 ## - INDEX TERM--GENRE/FORM | |
| Form subdivision | |
| -- | 34232 |
| 942 ## - ADDED ENTRY ELEMENTS (KOHA) | |
| Source of classification or shelving scheme | Dewey Decimal Classification |
| Withdrawn status | Item status | Source of classification or shelving scheme | Damaged status | Not for loan | Vendor | Home library | Current library | Shelving location | Date acquired | Source of acquisition | Total Checkouts | Full call number | Barcode | Date last seen | Koha item type |
|---|---|---|---|---|---|---|---|---|---|---|---|---|---|---|---|
| Dewey Decimal Classification | Baccah | Central Library | Central Library | First floor | 03/06/2015 | 621.36 KIN | 000038388 | 15/07/2025 | Book - Borrowing |